| 000 | 00798nam a2200265 i 4500 | ||
|---|---|---|---|
| 001 | 129766 | ||
| 003 | ES-MaACL | ||
| 005 | 20230906193553.0 | ||
| 007 | t| | ||
| 008 | 070705s1961 xxk ||||1| eng d | ||
| 080 | _a94(460) | ||
| 080 | _a94(469) | ||
| 100 | 1 |
_aAtkinson, William C. _923759 |
|
| 245 | 1 | 2 |
_aA history of Spain and Portugal / _cWilliam C. Atkins. |
| 260 |
_a[Londres] : _bPenguin Books, _c[1961] |
||
| 300 |
_a382 p. ; _c19 cm. |
||
| 490 | 1 |
_aA Pelican book ; _vA 464 |
|
| 500 | _aBiblioteca Jacinto Martínez Lacalle. | ||
| 500 | _aBibliografía: p.359-360. Indice. | ||
| 651 | 4 |
_aEspaña- _xHistoria. _98209 |
|
| 651 | 4 |
_aPortugal- _xHistoria. _96241 |
|
| 830 | 0 |
_aA Pelican book ; _vA 464 _9184913 |
|
| 852 |
_aES-MaACL _jE-11827 _bR.139033 |
||
| 999 |
_c129766 _d129766 |
||